Vzděláváním k demokracii : podklady pro učitele k výchově k demokratickému občanství a k výchově k lidským právům /

Korporativní autor: Masarykova univerzita. Centrum občanského vzdělávání
Další autoři: Gollob, Rolf, 1955-, Krapf, Peter, Weidinger, Wiltrud, 1973-
Jazyk: Čeština
Vydáno: Brno : Masarykova univerzita, 2012
Vydání: 2. vyd.
Témata:
Fyzický popis: 142 s. : il. ; 30 cm
Knihy
Uloženo v:
LEADER 03270nam a2200673 a 4500
001 nkc20132446717
003 CZ PrNK
005 20130506133226.0
007 ta
008 130313s2012 xr a e f 000 0 cze
015 |a cnb002446717 
020 |a 978-80-210-6087-6  |q (brož.) :  |c neprodejné 
035 |a (OCoLC)842345204 
040 |a BOA001  |b cze  |d ABA001 
041 1 |a cze  |h eng 
072 7 |a 37  |x Výchova a vzdělávání  |2 Konspekt  |9 22 
080 |a 37.017.4  |2 MRF 
080 |a 37.017.7  |2 MRF 
080 |a 37.016.026  |2 MRF 
080 |a 37.091.3  |2 MRF 
080 |a 37.091.26/.27  |2 MRF 
080 |a (072)  |2 MRF 
245 0 0 |a Vzděláváním k demokracii :  |b podklady pro učitele k výchově k demokratickému občanství a k výchově k lidským právům /  |c Rolf Gollob, Peter Krapf, Wiltrud Weidinger (eds.) 
246 1 |i Další název na obálce:  |a Řada metodických materiálů pro výchovu k demokratickému občanství a lidským právům :  |b VDO/VLP.  |n Díl I 
246 3 0 |a Podklady pro učitele k výchově k demokratickému občanství a k výchově k lidským právům 
250 |a 2. vyd. 
260 |a Brno :  |b Masarykova univerzita,  |c 2012 
300 |a 142 s. :  |b il. ;  |c 30 cm 
500 |a Přeloženo z angličtiny 
500 |a "Díl I z dílů VDO/VLP I-VI Výchova k demokratickému občanství a výchova k lidským právům ve školní praxi. Vyučovací posloupnosti, koncepce, metody a modely" 
500 |a Na obálce nad názvem: Masarykova univerzita, Centrum občanského vzdělávání 
504 |a Obsahuje bibliografické odkazy 
650 0 7 |a výchova k demokracii  |7 ph136905  |2 czenas 
650 0 7 |a výchova k lidským právům  |7 ph127421  |2 czenas 
650 0 7 |a výchova k občanství  |7 ph123572  |2 czenas 
650 0 7 |a předmětová didaktika  |7 ph162893  |2 czenas 
650 0 7 |a vyučovací metody  |7 ph127294  |2 czenas 
650 0 7 |a hodnocení žáků  |7 ph120775  |2 czenas 
650 0 9 |a education for democracy  |2 eczenas 
650 0 9 |a human rights education  |2 eczenas 
650 0 9 |a citizenship education  |2 eczenas 
650 0 9 |a teaching school subjects  |2 eczenas 
650 0 9 |a teaching methods  |2 eczenas 
650 0 9 |a evaluation of school children  |2 eczenas 
655 7 |a metodické příručky  |7 fd132826  |2 czenas 
655 9 |a methodological manuals  |2 eczenas 
700 1 |a Gollob, Rolf,  |d 1955-  |7 pna2012702512  |4 edt  |4 aut 
700 1 |a Krapf, Peter  |7 pna2012702515  |4 edt  |4 aut 
700 1 |a Weidinger, Wiltrud,  |d 1973-  |7 pna2012702516  |4 edt  |4 aut 
710 2 |a Masarykova univerzita.  |b Centrum občanského vzdělávání  |7 pna2012702518 
740 0 2 |a Výchova k demokratickému občanství a výchova k lidským právům ve školní praxi 
765 0 |t Educating for democracy. Background materials on democratic citizenship and human rights education for teachers  |9 Česky 
765 1 |t Background materials on democratic citizenship and human rights education for teachers  |9 Česky 
910 2 |a BOA001  |b 4-1301.424 
990 |a BK 
995 |a 01 
991 |b 201304  |c NOV  |j 37.01/.02 VZD  |e n 
996 6 |b 2610542801  |c 4-1301.424  |l MZK  |r Sklad / do 1 hodiny  |n 1  |p p.v.  |w 001318495  |u 000010  |a 1  |e BOA001  |j MZK50  |s P 
996 7 |b 2610542802  |c 4-1301.424  |l MZK  |r Sklad / do 1 hodiny  |n 2  |p p.v.  |w 001318495  |u 000020  |a 1  |e BOA001  |j MZK50  |s A